[Event "Frankfurt Ch 2010"]
[Site "Ffm-Kalbach, LAZ"]
[Date "2010.04.26"]
[Round "1.1"]
[White "Poetsch, Hagen"]
[Black "Lemonidis, Christos"]
[Result "1-0"]
[WhiteElo "2366"]
[BlackElo "1762"]
[PlyCount "73"]
[EventDate "2010.??.??"]
[SourceDate "2009.03.13"]
[WhiteTeam "VSG 1880 Offenbach"]
[BlackTeam "SC 1961 König Nied"]

1. e4 d6 2. d4 g6 3. c4 e5 4. Ne2 Bg7 5. Nbc3 Nh6 6. h4 f6 7. f3 Nf7 8. h5 g5
9. Be3 Bd7 10. Qd2 h6 11. Ng3 Nc6 12. d5 Ne7 13. c5 dxc5 14. Bxc5 Nd6 15. Bd3
O-O 16. Rc1 b6 17. Ba3 Rf7 18. Qc2 a6 19. Nd1 Ra7 20. Ne3 Nb5 21. Bxb5 Bxb5 22.
Kf2 Bf8 23. Rhd1 Qe8 24. d6 cxd6 25. Rxd6 Rd7 26. Ng4 Rxd6 27. Bxd6 Nc6 28.
Bxf8 Qxf8 29. Nf5 Rd7 30. a4 Nb4 31. Qc8 Rd2+ 32. Kg3 Be8 33. Nxf6+ Qxf6 34.
Qxe8+ Qf8 35. Nxh6+ Kg7 36. Qg6+ Kh8 37. Nf7+ 1-0

[Event "Frankfurt Ch 2010"]
[Site "Ffm-Kalbach, LAZ"]
[Date "2010.04.26"]
[Round "1.2"]
[White "Neumann, Manfred"]
[Black "Reschke, Stefan"]
[Result "0-1"]
[WhiteElo "1761"]
[BlackElo "2370"]
[PlyCount "32"]
[EventDate "2010.??.??"]
[SourceDate "2009.03.13"]
[WhiteTeam "SC 1961 König Nied"]
[BlackTeam "VSG 1880 Offenbach"]

1. d4 Nf6 2. c4 g6 3. Nc3 Bg7 4. e4 d6 5. Nf3 O-O 6. Be2 e5 7. O-O Nbd7 8. Re1
h6 9. Bf1 a5 10. Be3 Ng4 11. Bc1 exd4 12. Nxd4 Qh4 13. Nf3 Qxf2+ 14. Kh1 Nde5
15. Nxe5 Bxe5 16. Nd5 Qh4 0-1

[Event "Frankfurt Ch 2010"]
[Site "Ffm-Kalbach, LAZ"]
[Date "2010.04.26"]
[Round "1.3"]
[White "Wahedi, Ahmad Siar"]
[Black "Plattner, Rolf"]
[Result "1-0"]
[WhiteElo "2298"]
[BlackElo "1925"]
[PlyCount "54"]
[EventDate "2010.??.??"]
[SourceDate "2009.03.13"]
[WhiteTeam "SC Steinbach"]
[BlackTeam "SK Langen"]

1. e4 e6 2. d4 d5 3. Nc3 Nf6 4. e5 Nfd7 5. Nf3 c5 6. dxc5 Bxc5 7. Bd3 Nc6 8.
Bf4 a6 9. O-O Be7 10. Bg3 O-O 11. Qe2 Nb4 12. Kh1 Nxd3 13. cxd3 b5 14. Nd4 Bb7
15. f4 b4 16. Na4 Nc5 17. Nxc5 Bxc5 18. Nb3 Bb6 19. f5 exf5 20. Rxf5 Qe7 21. d4
a5 22. Rf4 Rae8 23. Raf1 a4 24. Nd2 Bd8 25. Qb5 a3 26. bxa3 bxa3 27. Nb3 Qc7
1-0

[Event "Frankfurt Ch 2010"]
[Site "Ffm-Kalbach, LAZ"]
[Date "2010.04.26"]
[Round "1.4"]
[White "Larem, Peter"]
[Black "Schramm, Christian"]
[Result "1/2-1/2"]
[WhiteElo "1921"]
[BlackElo "2322"]
[PlyCount "63"]
[EventDate "2010.??.??"]
[SourceDate "2009.03.13"]
[WhiteTeam "SC 1950 Eppertshausen"]
[BlackTeam "SC 1959 Obernau"]

1. e4 c5 2. c3 g6 3. d4 cxd4 4. cxd4 d5 5. exd5 Nf6 6. Nc3 Bg7 7. Nf3 O-O 8.
Bc4 Nbd7 9. O-O Nb6 10. Bb3 Nbxd5 11. Re1 Be6 12. Ng5 Bg4 13. Qd3 e6 14. h3 Bf5
15. Qe2 h5 16. Nf3 Rc8 17. Nxd5 Nxd5 18. Ne5 Nb4 19. g4 hxg4 20. hxg4 Bc2 21.
Nxf7 Rxf7 22. Bxe6 Rc6 23. Bxf7+ Kxf7 24. Bg5 Qd7 25. Qe7+ Qxe7 26. Rxe7+ Kg8
27. Rae1 Bxd4 28. Rxb7 Bxf2+ 29. Kxf2 Nd3+ 30. Kf1 Nxe1 31. Kxe1 a6 32. Rb8+
1/2-1/2

[Event "Frankfurt Ch 2010"]
[Site "Ffm-Kalbach, LAZ"]
[Date "2010.04.26"]
[Round "1.5"]
[White "Zuyev, Igor"]
[Black "Fischer, Ulrich"]
[Result "1-0"]
[WhiteElo "2329"]
[BlackElo "1727"]
[PlyCount "107"]
[EventDate "2010.??.??"]
[SourceDate "2009.03.13"]
[WhiteTeam "SC Ladja Roßdorf"]
[BlackTeam "Frankfurter TV 1860"]

1. e4 e5 2. Nf3 Nc6 3. d4 exd4 4. Bc4 Nf6 5. e5 d5 6. Bb5 Ne4 7. Nxd4 Bc5 8.
Be3 Bd7 9. Bxc6 bxc6 10. Nd2 Nxd2 11. Qxd2 Qe7 12. Bf4 O-O 13. O-O Bb6 14. Rad1
c5 15. Nf3 c6 16. c4 d4 17. Bg5 Qe6 18. b3 h6 19. Bf4 Rfd8 20. Rfe1 Qe7 21. Qd3
Ba5 22. Re2 Bg4 23. Qe4 Qe6 24. Bd2 Bxd2 25. Rdxd2 Bf5 26. Qf4 a5 27. Re1 Rab8
28. h3 Rb4 29. Qh4 Ra8 30. Qf4 a4 31. Rxd4 g5 32. Qd2 axb3 33. Rd8+ Rxd8 34.
Qxd8+ Kg7 35. axb3 Rxb3 36. Rd1 Rb1 37. g4 Rxd1+ 38. Qxd1 Be4 39. Nd2 Bg6 40.
Qe2 f5 41. Kg2 fxg4 42. hxg4 Bf7 43. Kg3 Kf8 44. Qe3 Qe7 45. Qe4 h5 46. gxh5
Bxh5 47. Qf5+ Kg7 48. Ne4 Be2 49. Nxg5 Bd3 50. Ne6+ Kg8 51. Qxd3 Qxe6 52. Qe4
Qe7 53. Qg6+ Kh8 54. Qf6+ 1-0

[Event "Frankfurt Ch 2010"]
[Site "Ffm-Kalbach, LAZ"]
[Date "2010.04.26"]
[Round "1.6"]
[White "Weber, Andreas"]
[Black "Isserman, Ryhor"]
[Result "0-1"]
[WhiteElo "1895"]
[BlackElo "2296"]
[PlyCount "72"]
[EventDate "2010.??.??"]
[SourceDate "2009.03.13"]
[WhiteTeam "Sfr. Frankfurt 1921"]
[BlackTeam "SK Bad Homburg 1927"]

1. d4 Nf6 2. Bf4 c5 3. c3 g6 4. Nf3 Bg7 5. e3 O-O 6. Be2 b6 7. O-O d6 8. h3 Bb7
9. Nbd2 Nbd7 10. a4 a6 11. Bh2 Qe8 12. a5 b5 13. Re1 e5 14. g4 Qe7 15. Bg3 h5
16. Nh2 hxg4 17. Bxg4 Nxg4 18. Qxg4 Rae8 19. Bh4 Bf6 20. Bg3 Bg7 21. Bh4 Nf6
22. Bxf6 Bxf6 23. dxc5 dxc5 24. Ne4 Bg7 25. Nd2 f5 26. Qg3 f4 27. exf4 exf4 28.
Qxg6 Qd7 29. Rxe8 Rxe8 30. Ng4 Re6 31. Nh6+ Kf8 32. Qf5+ Ke8 33. Qh5+ Kd8 34.
Nf7+ Kc7 35. Qxc5+ Kb8 36. Qf5 Re1+ 0-1

[Event "Frankfurt Ch 2010"]
[Site "Ffm-Kalbach, LAZ"]
[Date "2010.04.26"]
[Round "1.7"]
[White "Guth, Thomas"]
[Black "Bitzer, André"]
[Result "1-0"]
[WhiteElo "2282"]
[BlackElo "1720"]
[PlyCount "69"]
[EventDate "2010.??.??"]
[SourceDate "2009.03.13"]
[WhiteTeam "SC Rotation Pankow"]
[BlackTeam "SV Griesheim(DA)"]

1. e4 c6 2. d4 d5 3. exd5 cxd5 4. Bd3 Nf6 5. h3 e6 6. Nf3 b6 7. Qe2 Bd6 8. O-O
O-O 9. Bg5 Nc6 10. c3 Be7 11. Nbd2 Qc7 12. Ne5 Nd7 13. Bxe7 Nxe7 14. f4 f5 15.
Nxd7 Bxd7 16. Nf3 Nc8 17. Ng5 Rf6 18. Rae1 Nd6 19. Qe5 Rc8 20. Ba6 Re8 21. c4
h6 22. Nf3 Qc6 23. Qe2 Ne4 24. Ne5 Qa4 25. Nxd7 Qxd7 26. Bb5 Qc8 27. Bxe8 Qxe8
28. Qc2 dxc4 29. Rxe4 fxe4 30. Qxc4 Qh5 31. Qc3 Qh4 32. Qe3 g5 33. Qxe4 gxf4
34. Rc1 f3 35. Qxh4 1-0

[Event "Frankfurt Ch 2010"]
[Site "Ffm-Kalbach, LAZ"]
[Date "2010.04.26"]
[Round "1.8"]
[White "Bastian, Holger"]
[Black "Rapoport, Vladimir"]
[Result "0-1"]
[WhiteElo "1717"]
[BlackElo "2303"]
[PlyCount "78"]
[EventDate "2010.??.??"]
[SourceDate "2009.03.13"]
[WhiteTeam "SC S.-W. Schweinheim"]
[BlackTeam "SC Heusenstamm"]

1. e4 c5 2. Nf3 a6 3. d3 Nc6 4. g3 g6 5. Bg2 Bg7 6. O-O d6 7. Nbd2 e5 8. a4 Rb8
9. c3 Nge7 10. Nc4 O-O 11. a5 Be6 12. Nfd2 f5 13. Qa4 d5 14. Nb6 d4 15. Nb3
fxe4 16. Nxc5 Bg4 17. Bxe4 Qd6 18. Qc4+ Kh8 19. Nd5 Bh3 20. Nxe7 Nxe7 21. Bg2
Bxg2 22. Kxg2 Rbc8 23. cxd4 exd4 24. b4 Qc6+ 25. Kg1 Nd5 26. Ba3 Nc3 27. f4
Rce8 28. Rae1 Re3 29. Ne6 Ne2+ 30. Rxe2 Qxc4 31. dxc4 Rxe2 32. Nxf8 Bxf8 33.
Rb1 d3 34. Bb2+ Kg8 35. Bc3 Rc2 36. Be1 d2 37. Bxd2 Rxd2 38. b5 Ra2 39. bxa6
bxa6 0-1

[Event "Frankfurt Ch 2010"]
[Site "Ffm-Kalbach, LAZ"]
[Date "2010.04.26"]
[Round "1.9"]
[White "Wege, Jochen"]
[Black "Barisch, Florian"]
[Result "1-0"]
[WhiteElo "2277"]
[BlackElo "1932"]
[PlyCount "31"]
[EventDate "2010.??.??"]
[SourceDate "2009.03.13"]
[WhiteTeam "SC Brett vor'm Kopp Ffm"]
[BlackTeam "SV 1934 Ffm-Griesheim"]

1. e4 e5 2. Bc4 Nf6 3. d3 Be7 4. Nc3 O-O 5. f4 exf4 6. Bxf4 d6 7. Nf3 Be6 8.
Bb3 Bxb3 9. axb3 Nbd7 10. O-O Re8 11. h3 Nf8 12. g4 Qd7 13. Kg2 Ng6 14. Bg3 a6
15. Nd4 Bf8 16. g5 1-0

[Event "Frankfurt Ch 2010"]
[Site "Ffm-Kalbach, LAZ"]
[Date "2010.04.26"]
[Round "1.10"]
[White "Geipert, Wilfried"]
[Black "Chandler, Patrick"]
[Result "0-1"]
[WhiteElo "1699"]
[BlackElo "2265"]
[PlyCount "63"]
[EventDate "2010.??.??"]
[SourceDate "2009.03.13"]
[WhiteTeam "SC Brett vor'm Kopp Ffm"]
[BlackTeam "VSG 1880 Offenbach"]

1. d4 Nf6 2. c4 e6 3. Nc3 Bb4 4. Nf3 b6 5. e3 Bb7 6. Bd3 O-O 7. O-O Bxc3 8.
bxc3 d6 9. Qe2 Nc6 10. e4 e5 11. Bb2 Re8 12. Nd2 Nd7 13. f4 f6 14. f5 exd4 15.
cxd4 Nb4 16. a3 Nxd3 17. Qxd3 c5 18. Qg3 cxd4 19. Qxd6 Nc5 20. Qxd4 Qc7 21. Rf3
Rad8 22. Qc3 Na4 23. Qb4 Qc5+ 24. Qxc5 bxc5 25. Bc1 Bxe4 26. Nxe4 Rxe4 27. Bf4
Rxc4 28. Kf2 Rc2+ 29. Kg3 Nc3 30. h4 h5 31. Rc1 Rxc1 32. Bxc1 {Rest unklar} 0-1

[Event "Frankfurt Ch 2010"]
[Site "Ffm-Kalbach, LAZ"]
[Date "2010.04.26"]
[Round "1.11"]
[White "Brüggemann, Ludger"]
[Black "Wolff, Juergen"]
[Result "0-1"]
[WhiteElo "2188"]
[BlackElo "1696"]
[PlyCount "88"]
[EventDate "2010.??.??"]
[SourceDate "2009.03.13"]
[WhiteTeam "SF Olfen 1975"]
[BlackTeam "SC 1933 Somborn"]

1. e4 c5 2. Nf3 d6 3. d4 cxd4 4. Nxd4 Nf6 5. Nc3 a6 6. Bc4 e6 7. Bb3 b5 8. O-O
Be7 9. f4 Qc7 10. Kh1 O-O 11. Qe1 Nc6 12. Nxc6 Qxc6 13. e5 dxe5 14. fxe5 Bb7
15. Rf3 Nd7 16. Qg3 Qc7 17. Rd3 Rad8 18. Bf4 Rfe8 19. Re3 Nc5 20. Bh6 Bf8 21.
Qg5 g6 22. Bxf8 Rxf8 23. Re2 Rd4 24. Rae1 Rfd8 25. a3 b4 26. axb4 Nxb3 27. cxb3
Rxb4 28. h3 Rxb3 29. Rc1 Qb8 30. Na4 Rxh3+ 31. Kg1 Rhd3 32. Nc5 Rd1+ 33. Re1
Rxe1+ 34. Rxe1 Rd5 35. Nxb7 Qxb7 36. Rc1 Qb8 37. Re1 Qxb2 38. Qf6 Qb6+ 39. Kh1
Qd8 40. Qf4 a5 41. Re4 Qc7 42. Qf6 Qd8 43. Qf4 Qb8 44. Qf6 Qb1+ 0-1

[Event "Frankfurt Ch 2010"]
[Site "Ffm-Kalbach, LAZ"]
[Date "2010.04.26"]
[Round "1.12"]
[White "Krischak, Werner"]
[Black "Uwira, Oliver"]
[Result "0-1"]
[WhiteElo "1827"]
[BlackElo "2230"]
[PlyCount "60"]
[EventDate "2010.??.??"]
[SourceDate "2009.03.13"]
[WhiteTeam "SK Marburg 1931/72"]
[BlackTeam "SC 1961 König Nied"]

1. d4 Nf6 2. Nf3 c5 3. d5 e6 4. c4 exd5 5. cxd5 d6 6. Nc3 g6 7. e4 Bg7 8. Bd3
O-O 9. O-O Bg4 10. h3 Bxf3 11. Qxf3 Nbd7 12. Qg3 a6 13. a4 Re8 14. Bd2 c4 15.
Bc2 Nc5 16. Rae1 Rb8 17. Re2 b5 18. axb5 axb5 19. Rfe1 b4 20. Na4 b3 21. Nxc5
dxc5 22. Bb1 Nh5 23. Qf3 Bxb2 24. e5 c3 25. Bxc3 Bxc3 26. Qxc3 Qxd5 27. Rd2 Qc6
28. Rd6 Qc7 29. Rd5 c4 30. Red1 Nf4 0-1

[Event "Frankfurt Ch 2010"]
[Site "Ffm-Kalbach, LAZ"]
[Date "2010.04.26"]
[Round "1.13"]
[White "Prudlo, Simon"]
[Black "Cipca, Adrian"]
[Result "1-0"]
[WhiteElo "2251"]
[BlackElo "1689"]
[PlyCount "71"]
[EventDate "2010.??.??"]
[SourceDate "2009.03.13"]
[WhiteTeam "SC Heusenstamm"]
[BlackTeam "SK Bad Homburg 1927"]

1. e4 c5 2. Nc3 d6 3. Nge2 Nc6 4. d4 cxd4 5. Nxd4 Nf6 6. g3 a6 7. Bg2 Bd7 8. a4
g6 9. Nde2 Bg7 10. O-O Qc7 11. Nd5 Nxd5 12. exd5 Ne5 13. Ra2 Rc8 14. b3 O-O 15.
h3 Be8 16. a5 Nd7 17. Be3 e5 18. dxe6 fxe6 19. Nf4 Bf7 20. c4 Bc3 21. Bd2 Bd4
22. Bb4 Be5 23. Nd3 Bf6 24. Rd2 Rcd8 25. h4 h6 26. Qf3 b6 27. Qf4 e5 28. Qxh6
bxa5 29. Ba3 Rb8 30. Nc1 Nc5 31. Bd5 Bg7 32. Qxg6 Rfd8 33. Rfd1 Kf8 34. Bxf7
Qxf7 35. Qxf7+ Kxf7 36. Bxc5 1-0

[Event "Frankfurt Ch 2010"]
[Site "Ffm-Kalbach, LAZ"]
[Date "2010.04.26"]
[Round "1.14"]
[White "Budde, Michael"]
[Black "Röschlau, Bernd"]
[Result "0-1"]
[WhiteElo "1688"]
[BlackElo "2226"]
[PlyCount "88"]
[EventDate "2010.??.??"]
[SourceDate "2009.03.13"]
[WhiteTeam "SC 1979 Hattersheim"]
[BlackTeam "SC Brett vor'm Kopp Ffm"]

1. e4 c5 2. Nf3 d6 3. Nc3 Nf6 4. d4 cxd4 5. Nxd4 a6 6. Bd3 g6 7. O-O Bg7 8. f4
Qb6 9. Kh1 Qxd4 10. Bb5+ Nfd7 11. Bd3 Qb6 12. Nd5 Qd8 13. Be3 e6 14. Nc3 Nc6
15. Qd2 Nf6 16. f5 Ng4 17. Bg5 Bf6 18. Bxf6 Nxf6 19. Qh6 Qe7 20. fxg6 fxg6 21.
Rae1 Ne5 22. Rf2 Nh5 23. Rff1 Bd7 24. Be2 O-O-O 25. Qe3 Bc6 26. b4 Rhf8 27. a4
Rxf1+ 28. Rxf1 Rf8 29. Rb1 Nf4 30. b5 Nxe2 31. bxc6 Nxc3 32. cxb7+ Qxb7 33.
Qxc3+ Qc6 34. Qb3 Kd7 35. Qe3 h5 36. Qa7+ Qc7 37. Qxa6 Rb8 38. Rd1 Nc4 39. h3
Ke7 40. Rf1 Ne3 41. Rf2 h4 42. e5 dxe5 43. Qe2 Rb1+ 44. Kh2 e4+ 0-1

[Event "Frankfurt Ch 2010"]
[Site "Ffm-Kalbach, LAZ"]
[Date "2010.04.26"]
[Round "1.15"]
[White "Kaliski, Erwin"]
[Black "Bittner, Peter"]
[Result "1-0"]
[WhiteElo "2266"]
[BlackElo "1967"]
[PlyCount "93"]
[EventDate "2010.??.??"]
[SourceDate "2009.03.13"]
[WhiteTeam "SC Bad Nauheim"]
[BlackTeam "SC Brett vor'm Kopp Ffm"]

1. e4 c5 2. c3 Nc6 3. d4 cxd4 4. cxd4 d6 5. d5 Ne5 6. Nc3 Nf6 7. f4 Ned7 8. Nf3
h6 9. e5 dxe5 10. fxe5 Ng4 11. e6 Qb6 12. exd7+ Bxd7 13. Qd4 Qxd4 14. Nxd4 a6
15. Be2 Nf6 16. O-O e6 17. dxe6 fxe6 18. Be3 Bc5 19. Rac1 Rc8 20. Bf3 e5 21.
Nc2 Bxe3+ 22. Nxe3 Bc6 23. Nf5 Kf8 24. Rce1 Re8 25. Nd6 Re7 26. Bxc6 bxc6 27.
Nc4 Ke8 28. Nxe5 Rg8 29. Nxc6 Rxe1 30. Rxe1+ Kf7 31. Ne5+ Ke6 32. Ng4+ Kf5 33.
Nxf6 Kxf6 34. Nd5+ Kf7 35. Re7+ Kg6 36. Re6+ Kh7 37. Rxa6 Rd8 38. Ra5 Rc8 39.
b4 Rd8 40. a4 g5 41. Rc5 Kg6 42. Rc6+ Kf5 43. Ne7+ Ke4 44. Rxh6 Rd4 45. Nc6 Rc4
46. Kf2 Kd5 47. a5 1-0

[Event "Frankfurt Ch 2010"]
[Site "Ffm-Kalbach, LAZ"]
[Date "2010.04.26"]
[Round "1.16"]
[White "Bender, Manfred"]
[Black "Engel, Berthold"]
[Result "0-1"]
[WhiteElo "1821"]
[BlackElo "2226"]
[PlyCount "74"]
[EventDate "2010.??.??"]
[SourceDate "2009.03.13"]
[WhiteTeam "Sfr. Taunus"]
[BlackTeam "SC Brett vor'm Kopp Ffm"]

1. d4 Nf6 2. c4 e6 3. Nc3 Bb4 4. Bd2 O-O 5. Nf3 Qe7 6. g3 d6 7. Bg2 c6 8. O-O
e5 9. dxe5 dxe5 10. Qc2 Bg4 11. a3 Ba5 12. b4 Bc7 13. Ne4 Nbd7 14. Rfe1 Rfd8
15. Be3 h6 16. Nxf6+ Nxf6 17. Nd2 Nd7 18. Rad1 Nf8 19. Nf1 Rxd1 20. Rxd1 a6 21.
Bc5 Qe6 22. Ne3 Bh5 23. Rd2 Nd7 24. Be4 Nxc5 25. bxc5 Rd8 26. Rxd8+ Bxd8 27.
Nf5 Bc7 28. Qd3 Bg6 29. Nd6 Bxd6 30. Bxg6 Bxc5 31. Qd8+ Bf8 32. Bh7+ Kxh7 33.
Qxf8 Qxc4 34. Qe7 b5 35. Qxe5 a5 36. Qb2 c5 37. Kf1 b4 0-1

[Event "Frankfurt Ch 2010"]
[Site "Ffm-Kalbach, LAZ"]
[Date "2010.04.26"]
[Round "1.17"]
[White "Heidel, Andre Nicolas"]
[Black "Rauscher, Joachim"]
[Result "1-0"]
[WhiteElo "2152"]
[BlackElo "1651"]
[PlyCount "53"]
[EventDate "2010.??.??"]
[SourceDate "2009.03.13"]
[WhiteTeam "Ratinger SK 1950"]
[BlackTeam "SC Brett vor'm Kopp Ffm"]

1. d4 d5 2. Nf3 Nf6 3. c4 e6 4. g3 Be7 5. Bg2 O-O 6. O-O Nbd7 7. cxd5 exd5 8.
Nc3 Nb6 9. a4 c6 10. Ne5 a5 11. Qb3 Nfd7 12. Nd3 Nf6 13. Bg5 h6 14. Bxf6 Bxf6
15. e3 Nc4 16. Rfc1 Re8 17. Qd1 Bg5 18. h4 Nxe3 19. fxe3 Bxe3+ 20. Kh2 Bxc1 21.
Rxc1 Bf5 22. Ne5 Qc7 23. Nxd5 Qd6 24. Nc4 Qg6 25. Nc7 Bg4 26. Bf3 Bxf3 27. Qxf3
1-0

[Event "Frankfurt Ch 2010"]
[Site "Ffm-Kalbach, LAZ"]
[Date "2010.04.26"]
[Round "1.18"]
[White "Jordake, Michael"]
[Black "Schwenkreis, Thomas"]
[Result "0-1"]
[WhiteElo "1643"]
[BlackElo "2092"]
[PlyCount "70"]
[EventDate "2010.??.??"]
[SourceDate "2009.03.13"]
[WhiteTeam "SC Bergen-Enkheim 1922"]
[BlackTeam "SC Brett vor'm Kopp Ffm"]

1. e4 e5 2. Nf3 Nc6 3. Bb5 a6 4. Ba4 Nf6 5. O-O d6 6. Re1 Bd7 7. Nc3 b5 8. Bb3
Bg4 9. h3 Bh5 10. Nd5 Nd4 11. c3 Nxf3+ 12. gxf3 Nxd5 13. Bxd5 Qg5+ 14. Kh2 Qh4
15. Kg2 Rb8 16. d4 Be7 17. Bc6+ Kf8 18. Bd7 Rd8 19. Bg4 Bg6 20. f4 h5 21. Bf5
exf4 22. Bxg6 fxg6 23. Qf3 g5 24. e5 Rh6 25. Re4 Kg8 26. Re1 Kh8 27. Rh1 Rf8
28. Bd2 dxe5 29. Rae1 g4 30. hxg4 hxg4 31. Rxh4 gxf3+ 32. Kxf3 Rxh4 33. dxe5 g5
34. e6 Rd8 35. Bc1 Kh7 0-1

[Event "Frankfurt Ch 2010"]
[Site "Ffm-Kalbach, LAZ"]
[Date "2010.04.26"]
[Round "1.19"]
[White "Reschke, Thomas"]
[Black "Waschke, Thomas"]
[Result "1-0"]
[WhiteElo "2184"]
[BlackElo "1641"]
[PlyCount "35"]
[EventDate "2010.??.??"]
[SourceDate "2009.03.13"]
[WhiteTeam "SC Frankfurt-West"]
[BlackTeam "SC Bergen-Enkheim 1922"]

1. c4 Nf6 2. g3 g6 3. Bg2 d6 4. Nc3 Bg7 5. e4 O-O 6. Nge2 e5 7. O-O c6 8. d3 a6
9. h3 b5 10. Be3 Nbd7 11. f4 Bb7 12. Qd2 Qe7 13. f5 bxc4 14. dxc4 c5 15. g4 Ne8
16. g5 f6 17. Nd5 Bxd5 18. Qxd5+ 1-0

[Event "Frankfurt Ch 2010"]
[Site "Ffm-Kalbach, LAZ"]
[Date "2010.04.26"]
[Round "1.20"]
[White "Schellen, Sven"]
[Black "Holzschuh, Gerald"]
[Result "0-1"]
[WhiteElo "1633"]
[BlackElo "2139"]
[PlyCount "64"]
[EventDate "2010.??.??"]
[SourceDate "2009.03.13"]
[WhiteTeam "Sfr. Frankfurt 1921"]
[BlackTeam "SC Bad Nauheim"]

1. d4 Nf6 2. Nf3 g6 3. e3 Bg7 4. Bd3 d6 5. c3 O-O 6. O-O Nbd7 7. Re1 e5 8. Nbd2
Qe7 9. e4 Nh5 10. Nc4 c6 11. Rb1 b5 12. Ne3 Nf4 13. Bf1 Nf6 14. d5 cxd5 15.
Nxd5 N4xd5 16. exd5 Qb7 17. Qb3 a6 18. Bd3 e4 19. Bf4 exd3 20. Bxd6 Rd8 21. Re7
Qxd5 22. Qxd5 Nxd5 23. Bc7 Rf8 24. Rbe1 Nxe7 25. Rxe7 Be6 26. Kf1 Bf6 27. Rxe6
fxe6 28. Ke1 Bd8 29. Be5 Bb6 30. Ng5 Rxf2 31. Nxe6 Re8 32. Nd4 d2+ 0-1

[Event "Frankfurt Ch 2010"]
[Site "Ffm-Kalbach, LAZ"]
[Date "2010.04.26"]
[Round "1.21"]
[White "Czech, Ludwig"]
[Black "Mager, Denis"]
[Result "1-0"]
[WhiteElo "2149"]
[BlackElo "1538"]
[PlyCount "111"]
[EventDate "2010.??.??"]
[SourceDate "2009.03.13"]
[WhiteTeam "VSG 1880 Offenbach"]
[BlackTeam "TuS Makkabi Ffm"]

1. c4 e5 2. g3 Nf6 3. Bg2 c6 4. Nf3 d6 5. O-O Be6 6. b3 Nbd7 7. Bb2 Be7 8. d3
O-O 9. Ng5 Bf5 10. e4 Bg6 11. Nc3 Ne8 12. Nh3 f5 13. f4 fxe4 14. dxe4 Nc7 15.
f5 Bf7 16. Qe2 Nb6 17. Rad1 Qe8 18. Bc1 Rd8 19. Be3 Bf6 20. g4 d5 21. cxd5 cxd5
22. Bxb6 axb6 23. Nxd5 Nxd5 24. exd5 Be7 25. Kh1 Bc5 26. Ng5 Qe7 27. Ne6 Bxe6
28. dxe6 Bd4 29. Qe4 Ra8 30. a4 Rab8 31. Rf3 Rfc8 32. Rh3 h6 33. Rf3 Qf6 34.
Qb1 Qg5 35. Qe4 Qf6 36. Rff1 Qg5 37. b4 Qe7 38. Rf3 Qf6 39. Qd5 Rd8 40. Qb3 Kh8
41. Rff1 Qg5 42. Qg3 Rdc8 43. h4 Qe7 44. g5 hxg5 45. hxg5 Kg8 46. Qg4 Re8 47.
f6 Qxe6 48. f7+ Qxf7 49. Rxf7 Kxf7 50. Bd5+ Ke7 51. Qe6+ Kd8 52. Qd6+ Kc8 53.
Rc1+ Bc5 54. Be6+ Rxe6 55. Qxe6+ Kd8 56. bxc5 1-0

[Event "Frankfurt Ch 2010"]
[Site "Ffm-Kalbach, LAZ"]
[Date "2010.04.26"]
[Round "1.22"]
[White "Abrahamyan, Arsen"]
[Black "Benninger, Rudolf"]
[Result "0-1"]
[WhiteElo "1664"]
[BlackElo "2140"]
[PlyCount "44"]
[EventDate "2010.??.??"]
[SourceDate "2009.03.13"]
[WhiteTeam "Frankfurter TV 1860"]
[BlackTeam "SC Heusenstamm"]

1. e4 g6 2. d4 Bg7 3. Nc3 c6 4. Nf3 d5 5. e5 Nh6 6. Be2 O-O 7. O-O f6 8. Bf4
Bg4 9. Re1 Nd7 10. exf6 exf6 11. h3 Bxf3 12. Bxf3 f5 13. Qd2 Nf7 14. Qd3 Nf6
15. Na4 b6 16. Re6 Qd7 17. Rae1 Ne4 18. Re5 Nxe5 19. Bxe5 Bxe5 20. dxe5 Qe6 21.
Bxe4 fxe4 22. Qg3 Rf5 0-1

[Event "Frankfurt Ch 2010"]
[Site "Ffm-Kalbach, LAZ"]
[Date "2010.04.26"]
[Round "1.23"]
[White "Kreiling, Carsten"]
[Black "Riha, Peter"]
[Result "1/2-1/2"]
[WhiteElo "2126"]
[BlackElo "1821"]
[PlyCount "69"]
[EventDate "2010.??.??"]
[SourceDate "2009.03.13"]
[WhiteTeam "SVG Eppstein 1932"]
[BlackTeam "SC Bergen-Enkheim 1922"]

1. d4 Nf6 2. c4 g6 3. Nc3 d5 4. cxd5 Nxd5 5. e4 Nxc3 6. bxc3 Bg7 7. Nf3 c5 8.
Rb1 O-O 9. Be2 cxd4 10. cxd4 Qa5+ 11. Qd2 Qxd2+ 12. Bxd2 e6 13. O-O b6 14. Rbc1
Bb7 15. Bb4 Rd8 16. Bb5 Na6 17. Be7 Rdc8 18. d5 exd5 19. exd5 Rxc1 20. Rxc1 Nc5
21. d6 Bf8 22. Ne5 Bd5 23. Bc6 Bxc6 24. Nxc6 Nd7 25. Nd8 Nc5 26. Nc6 Nd7 27.
Re1 Rc8 28. Nxa7 Ra8 29. Nb5 Rxa2 30. h4 Bg7 31. Bd8 Ra1 32. Kf1 f5 33. Rxa1
Bxa1 34. Ke2 Kf7 35. Bg5 1/2-1/2

[Event "Frankfurt Ch 2010"]
[Site "Ffm-Kalbach, LAZ"]
[Date "2010.04.26"]
[Round "1.24"]
[White "Milde, Dieter"]
[Black "Schneider, Uwe"]
[Result "1/2-1/2"]
[WhiteElo "1611"]
[BlackElo "2011"]
[PlyCount "62"]
[EventDate "2010.??.??"]
[SourceDate "2009.03.13"]
[WhiteTeam "Bad Vilbeler Sfr.1985"]
[BlackTeam "SV Kinzigtal"]

1. d4 Nf6 2. Nf3 b6 3. Nbd2 Bb7 4. e3 e6 5. Bd3 d5 6. O-O Be7 7. Ne5 O-O 8. f4
c5 9. c3 Nc6 10. Rf3 Rc8 11. Rh3 g6 12. g4 Rc7 13. g5 Ne8 14. Qg4 Ng7 15. Ndf3
Nf5 16. Nxc6 Bxc6 17. Ne5 Be8 18. Bd2 b5 19. Kf2 Qb8 20. Bxf5 exf5 21. Qh4 h5
22. Qg3 Kg7 23. Qf3 Qb7 24. Rg3 Bd7 25. Rgg1 Be6 26. Rgc1 Rfc8 27. b3 cxd4 28.
cxd4 Ba3 29. Rxc7 Rxc7 30. Qd1 Bd6 31. Nd3 b4 1/2-1/2

[Event "Frankfurt Ch 2010"]
[Site "Ffm-Kalbach, LAZ"]
[Date "2010.04.26"]
[Round "1.25"]
[White "Stadtmueller, Harald"]
[Black "Schwabe, Michael"]
[Result "1-0"]
[WhiteElo "2163"]
[BlackElo "1896"]
[PlyCount "111"]
[EventDate "2010.??.??"]
[SourceDate "2009.03.13"]
[WhiteTeam "VSG 1880 Offenbach"]
[BlackTeam "Chess Tigers SFV"]

1. d4 d5 2. Nf3 Nf6 3. Bf4 Bf5 4. e3 e6 5. c4 c6 6. Nc3 Bd6 7. Bxd6 Qxd6 8. Qb3
Qc7 9. Rc1 Qb6 10. Qa3 Nbd7 11. Be2 Qd8 12. O-O Qe7 13. Qb3 Rb8 14. h3 O-O 15.
Nh4 Bg6 16. g3 dxc4 17. Bxc4 Nb6 18. Nxg6 hxg6 19. Bd3 Rfd8 20. Ne4 Nxe4 21.
Bxe4 Nd5 22. Bg2 Rbc8 23. Rfd1 Rc7 24. a3 Rcd7 25. Rc5 e5 26. e4 exd4 27. Ra5
Nf6 28. e5 Nh7 29. Rxa7 d3 30. Rd2 Qxe5 31. Qd1 Nf6 32. Ra4 c5 33. Rc4 b5 34.
Rc3 c4 35. a4 Rd4 36. axb5 Qxb5 37. b3 Ne4 38. Bxe4 Rxe4 39. bxc4 Qe5 40. Rc1
Qd4 41. c5 Rde8 42. Qf1 Rc8 43. Rxd3 Qe5 44. c6 Kh7 45. Rdc3 Rc7 46. Qd3 Rd4
47. Qf3 f5 48. Rc4 Rxc4 49. Rxc4 Qd6 50. Rh4+ Kg8 51. Qb3+ Kf8 52. Rh8+ Ke7 53.
Qb8 Rxc6 54. Qe8+ Kf6 55. Rf8+ Kg5 56. Qe3+ 1-0

[Event "Frankfurt Ch 2010"]
[Site "Ffm-Kalbach, LAZ"]
[Date "2010.04.26"]
[Round "1.26"]
[White "Jaklitsch, Albert"]
[Black "Kabir, Rezaul"]
[Result "0-1"]
[WhiteElo "1534"]
[BlackElo "2083"]
[PlyCount "52"]
[EventDate "2010.??.??"]
[SourceDate "2009.03.13"]
[WhiteTeam "vereinslos"]
[BlackTeam "Sfr. Frankfurt 1921"]

1. e4 c5 2. c3 e6 3. Nf3 Nc6 4. d3 d5 5. e5 Nge7 6. Bg5 Qb6 7. Bc1 Ng6 8. d4
Bd7 9. Qb3 Qc7 10. Be3 Be7 11. Be2 O-O 12. Bg5 f6 13. exf6 gxf6 14. Bh6 Rf7 15.
Nbd2 Na5 16. Qc2 cxd4 17. Nxd4 Nc6 18. Nxc6 bxc6 19. O-O Bd6 20. h3 e5 21. Bh5
e4 22. Bxg6 hxg6 23. f4 Rh7 24. Nxe4 dxe4 25. Qb3+ Kh8 26. Qf7 Rxf7 0-1